Central Library OPAC University of Rajshahi

Higher civil servants in postwar Japan : (Record no. 59355)

MARC details
000 -LEADER
fixed length control field 00863nam a2200265 a 4500
001 - CONTROL NUMBER
control field 59355
003 - CONTROL NUMBER IDENTIFIER
rucl marc code BD-RjUL
005 - DATE AND TIME OF LATEST TRANSACTION
control field 20211209080723.0
008 - FIXED-LENGTH DATA ELEMENTS--GENERAL INFORMATION
fixed length control field 161224s1969 njua b 001 0 eng
035 ## - SYSTEM CONTROL NUMBER
System control number (BD-RjUL)59479
040 ## - CATALOGING SOURCE
Original cataloging agency DLC
Transcribing agency DLC
Modifying agency BD-RjUL
Language of cataloging eng
041 ## - LANGUAGE CODE
Language code of text/sound track or separate title eng
082 00 - DEWEY DECIMAL CLASSIFICATION NUMBER
Classification number 354.52004
Edition number 23
Author mark and year KUH 1969
100 1# - MAIN ENTRY--PERSONAL NAME
Personal name Kubota, Akira,
Dates associated with a name 1932-
9 (RLIN) 176536
245 10 - TITLE STATEMENT
Title Higher civil servants in postwar Japan :
Remainder of title their social origins, educational backgrounds, and career patterns /
Statement of responsibility, etc. Akira, Kubota,
260 ## - PUBLICATION, DISTRIBUTION, ETC. (IMPRINT)
Place of publication, distribution, etc. Princeton, N.J.,
Name of publisher, distributor, etc. Princeton University Press,
Date of publication, distribution, etc. c1969.
300 ## - PHYSICAL DESCRIPTION
Pagination xv, 197 p. ;
Illustrations ill. ;
Size 23 cm.
350 ## - PRICE (NR) (BK AM CF MU VM SE) [OBSOLETE]
Price 9.00
500 ## - GENERAL NOTE
General note Include index
650 #0 - SUBJECT ADDED ENTRY--TOPICAL TERM
Topical term or geographic name as entry element Government executives
Geographic subdivision Japan.
9 (RLIN) 176537
Topical term or geographic name as entry element World War, 1939-1945
General subdivision Influence.
9 (RLIN) 176538
Topical term or geographic name as entry element Bureaucracy.
9 (RLIN) 170730
942 ## - ADDED ENTRY ELEMENTS (KOHA)
Source of classification or shelving scheme Dewey Decimal Classification
Koha item type Books
Holdings
Lost status Source of classification or shelving scheme Damaged status Not for loan Collection code Permanent Location Current Location Shelving location Date acquired Source of acquisition Cost, normal purchase price Total Checkouts Full call number Date last seen Copy number Koha item type
  Dewey Decimal Classification   Not For Loan Non-fiction Central Library, University of Rajshahi Central Library, University of Rajshahi Reading Room 27/06/1970 Zeitlinger 95.00   354.52004 KUH 1969 24/12/2016 C-1 Books